Marrow stromal cell culture / (Record no. 7033)

MARC details
000 -LEADER
fixed length control field 01335cam a2200325 a 4500
001 - CONTROL NUMBER
control field 3543965
003 - CONTROL NUMBER IDENTIFIER
control field OSt
005 - DATE AND TIME OF LATEST TRANSACTION
control field 20210827125650.0
008 - FIXED-LENGTH DATA ELEMENTS--GENERAL INFORMATION
fixed length control field 970722s1998 enka bf 001 0 eng
010 ## - LIBRARY OF CONGRESS CONTROL NUMBER
LC control number 97030196
020 ## - INTERNATIONAL STANDARD BOOK NUMBER
International Standard Book Number 0521580218 (hardcover)
020 ## - INTERNATIONAL STANDARD BOOK NUMBER
International Standard Book Number 0521589789 (pbk.)
040 ## - CATALOGING SOURCE
Original cataloging agency DLC
Transcribing agency DLC
Modifying agency DLC
050 00 - LIBRARY OF CONGRESS CALL NUMBER
Classification number QP88.2
Item number .M177 1998
082 00 - DEWEY DECIMAL CLASSIFICATION NUMBER
Classification number 573.1MAR1998
245 00 - TITLE STATEMENT
Title Marrow stromal cell culture /
Statement of responsibility, etc. edited by Jon N. Beresford and Maureen E. Owen.
260 ## - PUBLICATION, DISTRIBUTION, ETC. (IMPRINT)
Place of publication, distribution, etc. Cambridge, [Eng.] ;
-- New York :
Name of publisher, distributor, etc. Cambridge University Press,
Date of publication, distribution, etc. 1998.
300 ## - PHYSICAL DESCRIPTION
Extent xii, 153 p. :
Other physical details ill. ;
Dimensions 24 cm.
440 #0 - SERIES STATEMENT/ADDED ENTRY--TITLE
Title Handbooks in practical animal cell biology
9 (RLIN) 4441
504 ## - BIBLIOGRAPHY, ETC. NOTE
Bibliography, etc Includes; references and index.
650 #0 - SUBJECT ADDED ENTRY--TOPICAL TERM
Topical term or geographic name as entry element Biology
General subdivision Cultures and culture media
-- Handbooks, manuals, etc.
9 (RLIN) 14462
650 #0 - SUBJECT ADDED ENTRY--TOPICAL TERM
Topical term or geographic name as entry element Bone marrow cells
General subdivision Handbooks, manuals, etc.
9 (RLIN) 14463
700 1# - ADDED ENTRY--PERSONAL NAME
Personal name Beresford, Jon N.
9 (RLIN) 14464
700 1# - ADDED ENTRY--PERSONAL NAME
Personal name Owen, Maureen E.
9 (RLIN) 14465
856 42 - ELECTRONIC LOCATION AND ACCESS
Materials specified Publisher description
Uniform Resource Identifier <a href="http://www.loc.gov/catdir/description/cam028/97030196.html">http://www.loc.gov/catdir/description/cam028/97030196.html</a>
856 41 - ELECTRONIC LOCATION AND ACCESS
Materials specified Table of contents
Uniform Resource Identifier <a href="http://www.loc.gov/catdir/toc/cam026/97030196.html">http://www.loc.gov/catdir/toc/cam026/97030196.html</a>
906 ## - LOCAL DATA ELEMENT F, LDF (RLIN)
a 7
b cbc
c orignew
d 1
e ocip
f 19
g y-gencatlg
942 ## - ADDED ENTRY ELEMENTS (KOHA)
Source of classification or shelving scheme Dewey Decimal Classification
Koha item type Open Shelf
Holdings
Withdrawn status Lost status Source of classification or shelving scheme Damaged status Not for loan Home library Current library Date acquired Source of acquisition Inventory number Total Checkouts Full call number Barcode Date last seen Price effective from Koha item type
    Dewey Decimal Classification     MUST Main Library MUST Main Library 27/08/2021 donation 03/20514   573.1MAR1998 2021-0719 27/08/2021 27/08/2021 Open Shelf